00766 2200289 4500001002100000005001500021035002000036007000300056008004100059040001700100100001700117245006000134250001000194300003000204020002200234041000800256082000800264084001400272090001900286260003200305700002900337850001000366990002500376990002500401990002500426990002500451INLIS00000000000274320260531095913 a0010-0720000026ta260531 1  aSBPUPADbind0 aJumi Haryani1 aCerita Si Unta /cJumi Haryani;Penerjemah, Budi Permadi aCet.3 a19 hlm. :bilus. ;c20 cm a978-979-077-218-20 aind a590 a590 JUM c a590 JUM c T3-2 aDepok :bGema Insani,c20100 aPenerjemah, Budi Permadi aPUPAD a32.131/APBD/DPK/2019 a32.134/APBD/DPK/2019 a32.133/APBD/DPK/2019 a32.132/APBD/DPK/2019